| 000 | 00770nam a22002417a 4500 | ||
|---|---|---|---|
| 005 | 20170124110032.0 | ||
| 010 | _aA-943096 | ||
| 020 |
_c00.00 _a0121708500 |
||
| 035 | _aA-943096 | ||
| 037 | _bCen Lib/Ret | ||
| 040 |
_aDPL _bEN |
||
| 082 |
_a574.028 _bSPE |
||
| 245 |
_aSpectroscopy in biology and chemistry / _cedited by Show-Hsin Chen [and] Sidney Yip |
||
| 260 |
_aNew york _bAcademic Press _c1974 |
||
| 270 |
_a111 fifth avenue _bNew york _e10003 |
||
| 300 |
_axi, 410p. _c21cm(Hb) |
||
| 500 | _aincludes bibliographical references and index | ||
| 650 |
_aSpectrum analysis _921981 |
||
| 650 |
_aBiology _xTechniques _921982 |
||
| 700 |
_aChen, Sow-Hsin _921983 |
||
| 700 |
_aYip, Sidney _921984 |
||
| 942 |
_2ddc _cEN _h574.028 _mSPE |
||
| 999 |
_c127942 _d127942 |
||